Countries of National Independence days In February - Statistics

General Stats
  • This quiz has been taken 11 times
  • The average score is 5 of 11
Answer Stats
How They Got Independence Hint Answer % Correct
Independence from the UK February 7 Grenada
83%
Independence from the UK February 4 Sri Lanka
83%
Independence from re-declared from Haiti February 27 Dominican Republic
67%
Independence from the Russian Empire February 24 Estonia
50%
Independence from Serbia February 17 Kosovo
50%
Independence from the Russian and German Empires February 16 Lithuania
50%
First Serbian Uprising February 15 Serbia
50%
Independence from Spain February 12 and/or September 18 Chile
33%
Independence from the UK February 25 Kuwait
33%
Independence from the UK February 22 Saint Lucia
17%
Independence from the UK February 18 The Gambia
0%
No matching quizzes found
Score Distribution
Percent of People with Each Score
Percentile by Number Answered
Your Score History
You have not taken this quiz